Statistics for Top 10 Tennis Grand Slam Australian Men's Players in Open Era

Click here to take the quiz!

General Stats

  • This quiz has been taken 81 times
  • The average score is 5 of 10

Answer Stats

#PlayerBest PerformancePoints% Correct
2Lleyton HewittWin (2)64
97%
4Rod LaverWin (5)42
88%
1John NewcombeWin (5)66
71%
6Patrick RafterWin (2)35
66%
3Ken RosewallWin (4)63
63%
7Pat CashWin (1)33
54%
9Mark PhilippoussisFinal23
46%
5Tony RocheFinal40
26%
8John AlexanderSemifinals24
6%
10Phil DentFinal20
6%

Score Distribution

Percentile by Number Answered

Percent of People with Each Score

Your Score History

You have not taken this quiz